Los / conflictos sociales en el contexto de la democracia paraguaya /
Gorde:
| Egile nagusia: | |
|---|---|
| Formatua: | Texto |
| Gaiak: | |
| Etiketak: |
Etiketa erantsi
Etiketarik gabe, Izan zaitez lehena erregistro honi etiketa jartzen!
|
MARC
| LEADER | 00000 a a2200000 04500 | ||
|---|---|---|---|
| 001 | 40544 | ||
| 003 | |||
| 040 | |||
| 100 | |a Riquelme, Quintín | ||
| 245 | |a Los / conflictos sociales en el contexto de la democracia paraguaya / |c Quintín Riquelme | ||
| 650 | |a MOVIMIETOS CAMPESINOS | ||
| 650 | |a MOVIMIENTOS SOCIALES | ||
| 650 | |a CONFLICTOS SOCIALES | ||
| 650 | |a CRISIS SOCIAL | ||
| 650 | |a HISTORIA POLITICA | ||
| 650 | |a DEMOCRATIZACION | ||
| 650 | |a PARAGUAY | ||
| 650 | |a POBREZA | ||
| 773 | |g páginas 55-70 | ||
| 999 | |c 32327 |d 32327 | ||
